000 00431 a2200145 4500
005 20250628063131.0
020 _a978-0-07-352690-4
100 _aMESSIER, W. F
245 _aAuditing & Assurance Services: A Systematic Approach.
250 _a6th Ed.
260 _aBoston,
_bMcGraw-Hill,
_c2008
300 _axxxii, 786p.: ill.; figure, picture, table
_bIndex
_c28cm.
700 _aGLOVER, S. M. & PRAWITT, D. F
942 _2ddc
_cBKS
999 _c5817
_d5817